Tương quan giữa quận và xã [ của Việt Nam Cộng Hòa ]

Wedi'i Gadw mewn:
Manylion Llyfryddiaeth
Prif Awdur: Châu Sinh
Fformat: Llyfr
Iaith:Undetermined
Tagiau: Ychwanegu Tag
Dim Tagiau, Byddwch y cyntaf i dagio'r cofnod hwn!
Thư viện lưu trữ: Trung tâm Học liệu Trường Đại học Cần Thơ
LEADER 00429nam a2200133Ia 4500
001 CTU_26472
008 210402s9999 xx 000 0 und d
082 |a 353 
082 |b S312 
100 |a Châu Sinh 
245 0 |a Tương quan giữa quận và xã [ của Việt Nam Cộng Hòa ] 
245 0 |c Châu Sinh 
904 |i Nguyễn Quang Điền, 981013 
980 |a Trung tâm Học liệu Trường Đại học Cần Thơ